000 00379nam a2200133Ia 4500
005 20260328104328.0
008 260328s9999||||xx |||||||||||||| ||und||
100 _aVillate, Camilo
245 0 _aErase una vez un Edificio ....Torre de oficinas Avianca /
_cCamilo Villate
260 _bUniversidad de los Andes
300 _a333 p.
650 _aEDIFICIOS EN ALTURA
942 _cBK
999 _c11609
_d11609